Normal view MARC view

Entry Personal Name

Number of records used in: 2

001 - CONTROL NUMBER

  • control field: 22447

003 - CONTROL NUMBER IDENTIFIER

  • control field: dpl

005 - DATE AND TIME OF LATEST TRANSACTION

  • control field: 20100930105955.0

008 - FIXED-LENGTH DATA ELEMENTS

  • fixed length control field: 100930|||a|||||| | ||| d

040 ## - CATALOGING SOURCE

  • Original cataloging agency: dpl
  • Transcribing agency: dpl

100 ## - HEADING--PERSONAL NAME

  • Personal name: Kunz, Dora Van Gelder

670 ## - SOURCE DATA FOUND

  • Source citation: Work cat.: (dpl): Kunz, Dora Van Gelder, The personal aura /, 1996

670 ## - SOURCE DATA FOUND

  • Source citation: Work cat.: (dpl): Kunz, Dora Van Gelder, The personal aura /, 1996

© Delhi Public Library
Hit Counter
free hit counter